Best NBA Players Ever to Live Over 80 - Statistics

General Stats
  • This quiz has been taken 18 times
  • The average score is 7 of 20
Answer Stats
Rank Age Player % Correct
1 88 Bill Russell
88%
9 95* Bob Cousy
76%
2 86 Jerry West
71%
4 80 George Mikan
65%
5 91* Bob Pettit
59%
6 86 Elgin Baylor
53%
3 85* Oscar Robertson
53%
11 88 Sam Jones
53%
12 81* Billy Cunningham
29%
7 87 Dolph Schayes
29%
8 80* Rick Barry
29%
17 86 Tommy Heinsohn
24%
19 80* Dave Bing
12%
10 81 Hal Greer
12%
13 84* Jerry Lucas
12%
15 92* Cliff Hagan
6%
14 81* Gail Goodrich
0%
20 88 Harry Gallatin
0%
18 90 Mel Hutchins
0%
16 85 Vern Mikkelsen
0%
No matching quizzes found
Score Distribution
Percent of People with Each Score
Percentile by Number Answered
Your Score History
You have not taken this quiz